00474nam a2200157Ia 450000500170000000800410001708200130005810000190007124500220009026000370011230000130014950000340016294200060019695200990020299900150030120250509064924.0240331s9999 xx 000 0 und d bSOMa891 aSomakandhan, P 0aKadavulin pookkal aMadrasbKumaran Publishersc1993 a135 p ., aA collection of Short Stories cL 001040708LaWERCLbWERCLcSSCd2024-03-31l0o 894.811 SOMp4148r2024-03-31w2024-03-31yL c4253d4253